<?xml version="1.0" encoding="UTF-8"?>
<record
    xmlns:xsi="http://www.w3.org/2001/XMLSchema-instance"
    xsi:schemaLocation="http://www.loc.gov/MARC21/slim http://www.loc.gov/standards/marcxml/schema/MARC21slim.xsd"
    xmlns="http://www.loc.gov/MARC21/slim">

  <leader>00957cam a2200193Ia 4500</leader>
  <datafield tag="020" ind1=" " ind2=" ">
    <subfield code="a">0949511242</subfield>
  </datafield>
  <datafield tag="040" ind1=" " ind2=" ">
    <subfield code="c">SDB</subfield>
  </datafield>
  <datafield tag="082" ind1="0" ind2="0">
    <subfield code="a">633 AUS 1986 A039 Or.</subfield>
  </datafield>
  <datafield tag="245" ind1="0" ind2="0">
    <subfield code="a">Preserving grain quality by aeration and in-store drying :</subfield>
    <subfield code="b">proceedings of an international seminar held at Kuala Lumpur, Malaysia, 9-11 October 1985 /</subfield>
  </datafield>
  <datafield tag="260" ind1=" " ind2=" ">
    <subfield code="a">Canberra :</subfield>
    <subfield code="b">Australian Centre for International Agricultural Research,</subfield>
    <subfield code="c">1986</subfield>
  </datafield>
  <datafield tag="300" ind1=" " ind2=" ">
    <subfield code="a">250 p. :</subfield>
    <subfield code="b">ill. ;</subfield>
    <subfield code="c">24 cm</subfield>
  </datafield>
  <datafield tag="500" ind1=" " ind2=" ">
    <subfield code="a">"Sponsored by: Group for Assistance on Systems relating to Grain After-harvest (GASGA), Australian Centre for International Agricultural Research  (ACIAR), National Paddy and Rice Authority, Malaysia (LPN), Malaysian Agricultural Research and Development Institute (MARDI), ASEAN Food Handling Bureau (AFHB)."</subfield>
  </datafield>
  <datafield tag="650" ind1=" " ind2="0">
    <subfield code="a">Grain</subfield>
  </datafield>
  <datafield tag="650" ind1=" " ind2="0">
    <subfield code="a">Grain</subfield>
  </datafield>
  <datafield tag="650" ind1=" " ind2="0">
    <subfield code="a">Grain</subfield>
  </datafield>
  <datafield tag="650" ind1=" " ind2="0">
    <subfield code="a">Grain aeration</subfield>
  </datafield>
  <datafield tag="710" ind1="2" ind2=" ">
    <subfield code="a">Australian Centre for International Agricultural Research</subfield>
  </datafield>
  <datafield tag="942" ind1=" " ind2=" ">
    <subfield code="c">EK</subfield>
  </datafield>
  <datafield tag="999" ind1=" " ind2=" ">
    <subfield code="c">12016</subfield>
    <subfield code="d">12016</subfield>
  </datafield>
  <datafield tag="952" ind1=" " ind2=" ">
    <subfield code="0">0</subfield>
    <subfield code="1">0</subfield>
    <subfield code="4">0</subfield>
    <subfield code="6">633_000000000000000_AUS_1986_A039_OR</subfield>
    <subfield code="7">0</subfield>
    <subfield code="9">60963</subfield>
    <subfield code="a">LBA</subfield>
    <subfield code="b">LBA</subfield>
    <subfield code="c">A039</subfield>
    <subfield code="d">2017-08-09</subfield>
    <subfield code="o">633 AUS 1986 A039 Or.</subfield>
    <subfield code="p">A18527</subfield>
    <subfield code="r">2017-08-09</subfield>
    <subfield code="w">2017-08-09</subfield>
    <subfield code="y">EK</subfield>
  </datafield>
  <datafield tag="952" ind1=" " ind2=" ">
    <subfield code="0">0</subfield>
    <subfield code="1">0</subfield>
    <subfield code="4">0</subfield>
    <subfield code="6">633_000000000000000_AUS_1986_A039_OR</subfield>
    <subfield code="7">0</subfield>
    <subfield code="9">67803</subfield>
    <subfield code="a">LBA</subfield>
    <subfield code="b">LBA</subfield>
    <subfield code="c">A054</subfield>
    <subfield code="d">2017-11-02</subfield>
    <subfield code="o">633 AUS 1986 A039 Or.</subfield>
    <subfield code="p">A20756</subfield>
    <subfield code="r">2017-11-02</subfield>
    <subfield code="w">2017-11-02</subfield>
    <subfield code="y">EK</subfield>
  </datafield>
</record>
